[Event "Chigorin Memorial 2018"]
[Site "St. Petersburg"]
[Date "2018.10.31"]
[Round "5.133"]
[White "Bobrov, Vladimir"]
[Black "Pankova, Julia"]
[Result "0-1"]
[WhiteElo "1219"]
[BlackElo "1826"]
[PlyCount "102"]
[EventDate "2018.10.27"]
[EventType "swiss"]
[EventCountry "RUS"]
[WhiteTeam "Russland"]
[BlackTeam "Russland"]
[WhiteTeamCountry "RUS"]
[BlackTeamCountry "RUS"]

1. e4 c5 2. Nf3 e6 3. d4 cxd4 4. Nxd4 a6 5. Nc3 b5 6. Bd3 Qb6 7. Nf3 Bc5 8. Qe2 Bb7 9. a3 Nc6 10. b4 Be7 11. Bb2 d6 12. h3 Rc8 13. O-O Nf6 14. Qd2 O-O 15. Ne2 Nd7 16. Qf4 Nce5 17. Nxe5 dxe5 18. Qg4 Nf6 19. Qg3 Nxe4 20. Bxe4 Bxe4 21. Bxe5 f6 22. Bd4 Qc6 23. c3 Bd6 24. f4 Rce8 25. Rf2 Qd5 26. Raf1 Qc4 27. Qe3 Bg6 28. Qd2 Qd5 29. Ng3 e5 30. fxe5 fxe5 31. Be3 Qxd2 32. Rxd2 Rxf1+ 33. Nxf1 Bb8 34. Ng3 Kf7 35. Re2 Rc8 36. Bd2 Rc4 37. Kf2 Ke6 38. Kf3 Ba7 39. Ne4 Kd5 40. Ng5 h6 41. g4 hxg5 42. Bxg5 Rxc3+ 43. Kg2 Rc2 44. Rxc2 Bxc2 45. h4 Bd4 46. h5 Bb2 47. Be7 Ke6 48. Bh4 Bxa3 49. Kg3 Bxb4 50. g5 Be1+ 51. Kg4 Bf5+ 0-1

[Event "Chigorin Memorial 2018"]
[Site "St. Petersburg"]
[Date "2018.10.31"]
[Round "5.134"]
[White "Dmitriev, Leonid"]
[Black "Tarielashvili, Diana"]
[Result "0-1"]
[WhiteElo "1818"]
[BlackElo "1503"]
[PlyCount "136"]
[EventDate "2018.10.27"]
[EventType "swiss"]
[EventCountry "RUS"]
[WhiteTeam "Russland"]
[BlackTeam "Russland"]
[WhiteTeamCountry "RUS"]
[BlackTeamCountry "RUS"]

1. d4 Nf6 2. c4 g6 3. Nf3 Bg7 4. Nc3 d6 5. g3 O-O 6. Bg2 Nbd7 7. e4 Re8 8. O-O c6 9. Bg5 h6 10. Bf4 Nh5 11. Be3 Nhf6 12. Qd2 Ng4 13. Nh4 Nxe3 14. Qxe3 Qb6 15. Ne2 Qxb2 16. f4 e5 17. fxe5 dxe5 18. d5 cxd5 19. cxd5 Qb6 20. Qxb6 Nxb6 21. Nc3 Bd7 22. Rfc1 Rac8 23. Nf3 Bf8 24. Bf1 Ba3 25. Rc2 Ba4 26. Nxa4 Rxc2 27. Nxb6 axb6 28. Rd1 Bd6 29. Rb1 Rxa2 30. Kh1 Bc7 31. Rc1 Re7 32. Rd1 Ra8 33. Bh3 Rd8 34. Kg1 Bd6 35. Rb1 Bc5+ 36. Kf1 Bd4 37. Rb4 Bc5 38. Rb1 Kg7 39. Rd1 b5 40. Rc1 Bd6 41. Rb1 b4 42. Ke2 Ra8 43. Nd2 Ra2 44. Kd3 Ra3+ 45. Ke2 Rc7 46. Bf1 Rcc3 47. Kd1 Rc7 48. Nc4 Ra6 49. Nxd6 Rxd6 50. Rxb4 f5 51. Bg2 fxe4 52. Bxe4 Rf7 53. Ke2 Rdf6 54. h4 Rf2+ 55. Ke3 R2f6 56. Ke2 Rd6 57. Ke3 Rc7 58. Kd2 b6 59. Bf3 Rc5 60. Be4 b5 61. Kd3 Ra6 62. g4 Ra3+ 63. Ke2 Rc4 64. Rxc4 bxc4 65. Kd2 Kf6 66. d6 Ke6 67. Bxg6 Kxd6 68. Bf5 Rh3 0-1

[Event "Chigorin Memorial 2018"]
[Site "St. Petersburg"]
[Date "2018.10.31"]
[Round "5.136"]
[White "Nuritdinov, Nizomitdin"]
[Black "Mutina, Sofia"]
[Result "1-0"]
[WhiteElo "1796"]
[BlackElo "1441"]
[PlyCount "99"]
[EventDate "2018.10.27"]
[EventType "swiss"]
[EventCountry "RUS"]
[WhiteTeam "Russland"]
[BlackTeam "Russland"]
[WhiteTeamCountry "RUS"]
[BlackTeamCountry "RUS"]

1. d4 d5 2. Nf3 Nf6 3. h3 Bf5 4. c3 e6 5. Qb3 b6 6. Ne5 Bd6 7. Bg5 O-O 8. Nd2 h6 9. Bh4 c5 10. e3 Qe7 11. g4 Bh7 12. f4 g6 13. c4 cxd4 14. exd4 dxc4 15. Qxc4 Bb4 16. Bg2 Bxd2+ 17. Kxd2 b5 18. Qc3 Na6 19. Bxa8 Rxa8 20. Bxf6 Qxf6 21. Rhf1 Rd8 22. Ke3 Qg7 23. Rac1 Qf8 24. g5 Nb4 25. Qc5 Nd5+ 26. Kf3 f6 27. Qxf8+ Rxf8 28. Nd7 Rf7 29. Nxf6+ Nxf6 30. gxf6 Rxf6 31. Rc8+ Kg7 32. Rc7+ Kh8 33. h4 g5 34. hxg5 Rg6 35. Rh1 Kg8 36. Rxh6 Rxh6 37. gxh6 a5 38. Rxh7 Kxh7 39. Ke4 Kxh6 40. Ke5 b4 41. Kxe6 b3 42. axb3 a4 43. bxa4 Kg7 44. a5 Kh6 45. a6 Kg7 46. a7 Kg6 47. a8=Q Kg7 48. f5 Kh7 49. Kf6 Kh6 50. Qh8# 1-0

[Event "Chigorin Memorial 2018"]
[Site "St. Petersburg"]
[Date "2018.10.31"]
[Round "5.138"]
[White "Chagina, Ulyana"]
[Black "Shoshin, Kirill"]
[Result "0-1"]
[WhiteElo "1727"]
[BlackElo "2073"]
[PlyCount "44"]
[EventDate "2018.10.27"]
[EventType "swiss"]
[EventCountry "RUS"]
[WhiteTeam "Russland"]
[BlackTeam "Russland"]
[WhiteTeamCountry "RUS"]
[BlackTeamCountry "RUS"]

1. d4 Nf6 2. Nf3 e6 3. e3 b6 4. Bd3 Bb7 5. O-O Be7 6. c4 O-O 7. Nc3 d6 8. b3 Nbd7 9. Bb2 e5 10. Nd2 Ne8 11. dxe5 dxe5 12. Nd5 Nc5 13. Nxe7+ Qxe7 14. Bc2 Rd8 15. Qe2 Nd6 16. f4 exf4 17. Rxf4 Rfe8 18. Bxh7+ Kxh7 19. Qh5+ Kg8 20. Raf1 Qxe3+ 21. Kh1 Qxd2 22. R4f2 Qxf2 0-1

[Event "Chigorin Memorial 2018"]
[Site "St. Petersburg"]
[Date "2018.10.31"]
[Round "5.139"]
[White "Shceglov, Mikhail"]
[Black "Rudovskii, Filipp"]
[Result "0-1"]
[WhiteElo "1612"]
[BlackElo "2054"]
[PlyCount "83"]
[EventDate "2018.10.27"]
[EventType "swiss"]
[EventCountry "RUS"]
[WhiteTeam "Russland"]
[BlackTeam "Russland"]
[WhiteTeamCountry "RUS"]
[BlackTeamCountry "RUS"]

1. e4 c5 2. Nf3 Nc6 3. d4 cxd4 4. Nxd4 Nf6 5. Nc3 e5 6. Ndb5 d6 7. Bg5 a6 8. Na3 b5 9. Bxf6 Qxf6 10. Nd5 Qd8 11. Bxb5 axb5 12. Nxb5 Qa5+ 13. c3 Kd8 14. a4 Rb8 15. b4 Qa6 16. O-O Rb7 17. Na3 Qa8 18. a5 Be6 19. Nc4 Qa6 20. Ncb6 Ne7 21. Ne3 Rxb6 22. axb6 Qxb6 23. Ra8+ Nc8 24. Qd3 Be7 25. Nc4 Qc6 26. Rxc8+ Kxc8 27. Na5 Qb6 28. Rb1 Kd7 29. c4 Rb8 30. c5 Qb5 31. c6+ Kc7 32. Qc2 Rb6 33. h3 g6 34. g4 h5 35. f3 hxg4 36. hxg4 d5 37. Qc3 dxe4 38. fxe4 Bxb4 39. Rxb4 Qxb4 40. Qxe5+ Qd6 41. Qxd6+ Kxd6 42. Kf2 0-1

[Event "Chigorin Memorial 2018"]
[Site "St. Petersburg"]
[Date "2018.10.31"]
[Round "5.140"]
[White "Badazhkov, Egor"]
[Black "Pavlov, Mikhail"]
[Result "0-1"]
[WhiteElo "1581"]
[BlackElo "1894"]
[PlyCount "40"]
[EventDate "2018.10.27"]
[EventType "swiss"]
[EventCountry "RUS"]
[WhiteTeam "Russland"]
[BlackTeam "Russland"]
[WhiteTeamCountry "RUS"]
[BlackTeamCountry "RUS"]

1. d4 Nf6 2. c4 c5 3. d5 b5 4. cxb5 a6 5. bxa6 g6 6. Nc3 d6 7. e4 Bxa6 8. Nf3 Bxf1 9. Kxf1 Bg7 10. g3 O-O 11. Kg2 Nbd7 12. a4 Qb6 13. Ra3 Rfb8 14. Qc2 Qb4 15. Re1 Nb6 16. Nd2 Nfd7 17. Na2 Qa5 18. b3 g5 19. Nf3 g4 20. Bd2 gxf3+ 0-1

[Event "Chigorin Memorial 2018"]
[Site "St. Petersburg"]
[Date "2018.10.31"]
[Round "5.141"]
[White "Saveljev, Ivan"]
[Black "Petrov, Maksim"]
[Result "1/2-1/2"]
[WhiteElo "1841"]
[BlackElo "1589"]
[PlyCount "171"]
[EventDate "2018.10.27"]
[EventType "swiss"]
[EventCountry "RUS"]
[WhiteTeam "Russland"]
[BlackTeam "Russland"]
[WhiteTeamCountry "RUS"]
[BlackTeamCountry "RUS"]

1. e4 c6 2. d4 d5 3. Nc3 dxe4 4. Nxe4 Bf5 5. Ng3 Bg6 6. Nf3 Nd7 7. Bc4 e6 8. O-O Ngf6 9. Re1 Be7 10. c3 O-O 11. Nh4 Rc8 12. Nxg6 hxg6 13. b4 a5 14. a3 Ra8 15. Bd2 axb4 16. axb4 b5 17. Bb3 Nb6 18. Qc2 Ne8 19. Ne4 Nd6 20. Nxd6 Bxd6 21. Qe4 Qc7 22. g3 Nd5 23. Bc2 Ra7 24. Rxa7 Qxa7 25. h4 Qa2 26. Qd3 Nf6 27. Bb1 Qd5 28. Bc2 Ra8 29. Bd1 Qa2 30. Bg5 Nd5 31. h5 gxh5 32. Bc2 g6 33. Rxe6 Nf4 34. gxf4 Qxe6 35. Qf3 Qg4+ 36. Qxg4 hxg4 37. Be4 Rc8 38. f5 g3 39. f3 gxf5 40. Bxf5 Ra8 41. Be4 Ra1+ 42. Kg2 Ra2+ 43. Kg1 Rh2 44. Bxc6 Rh5 45. Be3 Kf8 46. d5 Ke7 47. Bc5 Re5 48. Kf1 Bxc5 49. bxc5 Re3 50. d6+ Kd8 51. Bxb5 Rxf3+ 52. Kg2 Rxc3 53. c6 Ra3 54. c7+ Kc8 55. Bc4 Ra8 56. Bb5 Ra5 57. Bc4 Kd7 58. Bxf7 Rc5 59. Kxg3 Kxd6 60. Kf4 Rxc7 61. Bb3 Rb7 62. Bd1 Rb4+ 63. Ke3 Ke5 64. Bc2 Rh4 65. Bd1 Rh3+ 66. Kf2 Kf4 67. Kg2 Ra3 68. Bh5 Ra2+ 69. Kh3 Kg5 70. Bf3 Ra3 71. Kg3 Kf5 72. Kg2 Kf4 73. Bh5 Ra5 74. Bd1 Rg5+ 75. Kf2 Rg3 76. Be2 Ra3 77. Kf1 Ke3 78. Bb5 Ra2 79. Bc6 Rc2 80. Bb7 Kf4 81. Bd5 Rb2 82. Bc6 Rc2 83. Bb7 Rc7 84. Bd5 Kg3 85. Ba8 Re7 86. Bd5 1/2-1/2

[Event "Chigorin Memorial 2018"]
[Site "St. Petersburg"]
[Date "2018.10.31"]
[Round "5.142"]
[White "Khalilov, Emin"]
[Black "Yakovlev, Yuri S."]
[Result "0-1"]
[WhiteElo "1556"]
[BlackElo "1838"]
[PlyCount "78"]
[EventDate "2018.10.27"]
[EventType "swiss"]
[EventCountry "RUS"]
[WhiteTeam "Aserbeidschan"]
[BlackTeam "Russland"]
[WhiteTeamCountry "AZE"]
[BlackTeamCountry "RUS"]

1. e4 c5 2. Nf3 e6 3. d4 cxd4 4. Nxd4 a6 5. Bd3 b5 6. Nc3 Bb7 7. O-O Qc7 8. Qe2 Nc6 9. Nxc6 dxc6 10. e5 Ne7 11. f4 g6 12. Ne4 Nd5 13. c4 bxc4 14. Bxc4 Be7 15. b3 Rf8 16. Kh1 Qb6 17. a4 a5 18. Rd1 O-O-O 19. Bd2 Rd7 20. Qe1 Nb4 21. Be3 c5 22. Qf2 Bxe4 23. Rxd7 Kxd7 24. Qe2 Kc7 25. Rd1 Rd8 26. Rxd8 Kxd8 27. Bb5 Bd5 28. Qd1 Kc7 29. f5 Bc6 30. Bc4 Nd5 31. Bd2 exf5 32. Qe1 Qb7 33. e6 f6 34. Bxa5+ Kb8 35. Bd2 Qc7 36. Qc1 Bd6 37. h3 f4 38. Qf1 Ne3 39. Bxe3 fxe3 0-1

[Event "Chigorin Memorial 2018"]
[Site "St. Petersburg"]
[Date "2018.10.31"]
[Round "5.143"]
[White "Shemakhanov, Danila"]
[Black "Timirev, Sergey"]
[Result "1-0"]
[WhiteElo "1559"]
[BlackElo "1788"]
[PlyCount "112"]
[EventDate "2018.10.27"]
[EventType "swiss"]
[EventCountry "RUS"]
[WhiteTeam "Russland"]
[BlackTeam "Russland"]
[WhiteTeamCountry "RUS"]
[BlackTeamCountry "RUS"]

1. d4 f5 2. c4 Nf6 3. Nc3 e6 4. Nf3 Be7 5. Bf4 O-O 6. e3 b6 7. h3 Bb7 8. Be2 Ne4 9. O-O d6 10. Nxe4 Bxe4 11. Nd2 Bb7 12. Bf3 Bxf3 13. Qxf3 Nd7 14. Bh2 Bf6 15. Rad1 g6 16. Nb1 Kh8 17. Nc3 e5 18. Nd5 Bg7 19. Nb4 e4 20. Qe2 Nf6 21. Rd2 a5 22. Nc2 Nh5 23. Rfd1 Qg5 24. f3 exf3 25. Qxf3 Rae8 26. Bf4 Nxf4 27. exf4 Qh4 28. Kh2 Re4 29. g3 Qe7 30. b3 Re8 31. Qf2 Re2 32. Rxe2 Qxe2 33. Rd2 Qe4 34. Qg2 Qxg2+ 35. Kxg2 Re4 36. Kf3 Kg8 37. Re2 Rxe2 38. Kxe2 Kf7 39. Ke3 c6 40. a3 Ke6 41. b4 a4 42. b5 cxb5 43. d5+ Kd7 44. cxb5 Bc3 45. Kd3 Ba5 46. Kd4 Bd2 47. Kc4 Ba5 48. Kd3 Ke7 49. Ke2 Kf6 50. Ne3 Bc3 51. Nc4 Bd4 52. Nxd6 Bc5 53. Nc4 g5 54. fxg5+ Kxg5 55. Kf3 h5 56. h4+ Kf6 1-0

[Event "Chigorin Memorial 2018"]
[Site "St. Petersburg"]
[Date "2018.10.31"]
[Round "5.144"]
[White "Ageeva, Vasilisa"]
[Black "Airapetyan, Anzhelika"]
[Result "1-0"]
[WhiteElo "1745"]
[BlackElo "1397"]
[PlyCount "55"]
[EventDate "2018.10.27"]
[EventType "swiss"]
[EventCountry "RUS"]
[WhiteTeam "Russland"]
[BlackTeam "Russland"]
[WhiteTeamCountry "RUS"]
[BlackTeamCountry "RUS"]

1. d4 Nf6 2. Nc3 e6 3. e4 Bb4 4. Bd3 O-O 5. Bg5 Be7 6. f4 d5 7. Bxf6 Bxf6 8. e5 Be7 9. Qh5 h6 10. Nf3 f5 11. Rg1 Qe8 12. Qh3 c5 13. O-O-O c4 14. Be2 b5 15. Nh4 b4 16. Nb1 b3 17. axb3 cxb3 18. c3 g5 19. Nf3 Kg7 20. g4 h5 21. gxf5 exf5 22. Nxg5 Kh6 23. Rg2 Ba6 24. Bf3 Bc4 25. Rdg1 a5 26. Bxh5 Qxh5 27. Nf7+ Kh7 28. Qxh5# 1-0

[Event "Chigorin Memorial 2018"]
[Site "St. Petersburg"]
[Date "2018.10.31"]
[Round "5.145"]
[White "Kobak, Polina"]
[Black "Soloviev, Mikhail"]
[Result "0-1"]
[WhiteElo "1373"]
[BlackElo "1636"]
[PlyCount "136"]
[EventDate "2018.10.27"]
[EventType "swiss"]
[EventCountry "RUS"]
[WhiteTeam "Russland"]
[BlackTeam "Russland"]
[WhiteTeamCountry "RUS"]
[BlackTeamCountry "RUS"]

1. d4 Nf6 2. c4 e6 3. g3 d5 4. Nf3 Be7 5. Bg2 O-O 6. O-O dxc4 7. Ne5 Nc6 8. Bxc6 bxc6 9. Nxc6 Qe8 10. Nxe7+ Qxe7 11. Qc2 c5 12. b3 Rd8 13. dxc5 Qxc5 14. Qxc4 Qh5 15. Qc6 Rb8 16. f3 Bb7 17. Qc2 Rbc8 18. Qb2 Qc5+ 19. Kg2 Ba6 20. Na3 Nd5 21. Bf4 Nxf4+ 22. gxf4 Qb4 23. Rfd1 Qxf4 24. Rac1 Qg5+ 25. Kf2 Rxc1 26. Qxc1 Qh4+ 27. Kg2 Bxe2 28. Rxd8+ Qxd8 29. Qc2 Bd3 30. Qf2 Qc7 31. Nc4 Bxc4 32. bxc4 Qxc4 33. Qxa7 Qe2+ 34. Kg1 g6 35. Qb8+ Kg7 36. Qb3 h5 37. Qc3+ e5 38. h3 Qxa2 39. Qxe5+ Kh7 40. f4 Qb1+ 41. Kg2 Qc2+ 42. Kg1 Qd1+ 43. Kg2 Qd2+ 44. Kg1 Qd3 45. Kg2 h4 46. Qg5 Qe2+ 47. Kg1 Qe1+ 48. Kg2 f6 49. Qg4 Kh6 50. Qf3 f5 51. Kh2 Qe4 52. Qf2 Kh5 53. Qf1 Qe3 54. Qd1+ Kh6 55. Qf1 Qg3+ 56. Kh1 Kh7 57. Qc4 Qxh3+ 58. Kg1 Qe3+ 59. Kh1 Qe7 60. Qf1 Qe3 61. Kh2 Qg3+ 62. Kh1 h3 63. Qe2 Qxf4 64. Qe7+ Kh6 65. Qf8+ Kg5 66. Qd8+ Kg4 67. Qb6 Qf3+ 68. Kg1 Qg2# 0-1

[Event "Chigorin Memorial 2018"]
[Site "St. Petersburg"]
[Date "2018.10.31"]
[Round "5.146"]
[White "Shevtsova, Stefania"]
[Black "Burkin, Aleksandr"]
[Result "1-0"]
[WhiteElo "1553"]
[BlackElo "1309"]
[PlyCount "89"]
[EventDate "2018.10.27"]
[EventType "swiss"]
[EventCountry "RUS"]
[WhiteTeam "Russland"]
[BlackTeam "Russland"]
[WhiteTeamCountry "RUS"]
[BlackTeamCountry "RUS"]

1. e4 e6 2. d4 d5 3. e5 c5 4. c3 Qb6 5. Nf3 Nc6 6. a3 Nh6 7. b4 cxd4 8. cxd4 Nf5 9. Bb2 a6 10. Bd3 Nfe7 11. Nc3 Bd7 12. Na4 Qc7 13. Nc5 Rc8 14. Rc1 Ng6 15. Ng5 Be7 16. Qh5 Bxg5 17. Qxg5 Rd8 18. h4 Rg8 19. h5 h6 20. Qg3 Nf8 21. Rh4 Bc8 22. Rg4 Qe7 23. Bc3 Nb8 24. Bd2 Nbd7 25. Bxh6 Nxc5 26. Rxc5 Nd7 27. Rc1 Nb6 28. Bxg7 Rd7 29. Bh7 Rxg7 30. Rxg7 Rd8 31. Bg8 Nc4 32. Bxf7+ Qxf7 33. Rxf7 Kxf7 34. Qg6+ Ke7 35. Qf6+ Kd7 36. h6 Kc7 37. Qxd8+ Kxd8 38. h7 Kc7 39. h8=Q Bd7 40. g4 b5 41. g5 Kb6 42. Qd8+ Kc6 43. g6 a5 44. bxa5 b4 45. Qb6# 1-0

[Event "Chigorin Memorial 2018"]
[Site "St. Petersburg"]
[Date "2018.10.31"]
[Round "5.147"]
[White "Mashkov, Viacheslav"]
[Black "Lapin, Artem"]
[Result "0-1"]
[WhiteElo "1281"]
[BlackElo "1496"]
[PlyCount "78"]
[EventDate "2018.10.27"]
[EventType "swiss"]
[EventCountry "RUS"]
[WhiteTeam "Russland"]
[BlackTeam "Russland"]
[WhiteTeamCountry "RUS"]
[BlackTeamCountry "RUS"]

1. e4 e6 2. Nc3 d5 3. d4 Bb4 4. Bd3 dxe4 5. Bxe4 Nf6 6. Bf3 Nc6 7. Be3 Nd5 8. Nge2 f5 9. a3 Bxc3+ 10. bxc3 Na5 11. Bxd5 exd5 12. Nf4 g6 13. Qf3 c6 14. Qh3 Qf6 15. O-O O-O 16. Qh6 g5 17. Qxf6 Rxf6 18. Nd3 f4 19. Bc1 Nc4 20. Nb2 Bf5 21. Nxc4 dxc4 22. Ra2 Re8 23. Rb2 b5 24. d5 a6 25. a4 f3 26. Be3 fxg2 27. Rd1 Bh3 28. d6 Rxe3 29. d7 Bxd7 30. fxe3 Bh3 31. Rbb1 Rf1+ 32. Rxf1 gxf1=Q+ 33. Rxf1 Bxf1 34. axb5 cxb5 35. Kxf1 a5 36. Ke1 h5 37. e4 g4 38. Ke2 a4 39. Kd2 h4 0-1

[Event "Chigorin Memorial 2018"]
[Site "St. Petersburg"]
[Date "2018.11.01"]
[Round "6"]
[White "Alekseev, Evgeny"]
[Black "Idani, Pouya"]
[Result "1/2-1/2"]
[WhiteElo "2620"]
[BlackElo "2588"]
[Annotator "TA"]
[PlyCount "117"]
[EventDate "2018.10.27"]
[EventType "swiss"]
[EventCountry "RUS"]
[SourceTitle "playchess.com"]
[Source "ChessBase"]
[SourceQuality "1"]

1. e4 c5 2. Nf3 d6 3. d4 cxd4 4. Qxd4 Nf6 5. Bb5+ Bd7 6. c4 g6 7. Nc3 Bg7 8. O-O O-O 9. Qd3 Bg4 10. h3 Bxf3 11. Qxf3 Nc6 12. Bxc6 bxc6 13. e5 Nd7 14. exd6 Ne5 15. Qg3 Nxc4 16. dxe7 Qxe7 17. Bg5 Qb4 18. Qh4 Qxb2 19. Qxc4 Qxc3 20. Qxc3 Bxc3 21. Rac1 Bd4 22. Rxc6 Rac8 23. Rxc8 Rxc8 24. Rd1 Rc4 25. Kf1 f6 26. Bc1 Bb6 27. Be3 Bxe3 28. fxe3 Ra4 29. Rd2 h5 30. g3 Kf7 31. Kf2 g5 32. g4 h4 33. Kf3 Ke6 34. Rc2 Kd5 35. Rd2+ Ke5 36. Rc2 Ra5 37. Rb2 Rc5 38. a4 a6 39. Rb6 Rc2 40. Rxa6 Rh2 41. Ra5+ Ke6 42. Ra6+ Kf7 43. Rb6 Rxh3+ 44. Kf2 Rh2+ 45. Kf3 Ra2 46. Rb4 Ra1 47. Rc4 Ra2 48. Rb4 h3 49. Kg3 h2 50. Rb7+ Kg6 51. Rb1 Rxa4 52. Rh1 Ra3 53. Rxh2 Rxe3+ 54. Kf2 Ra3 55. Rh8 Kf7 56. Rb8 Rd3 57. Rb6 Ke7 58. Ra6 Rd6 59. Ra8 1/2-1/2

[Event "Chigorin Memorial 2018"]
[Site "St. Petersburg"]
[Date "2018.11.01"]
[Round "6"]
[White "Predke, Alexandr"]
[Black "Vokhidov, Shamsiddin"]
[Result "1-0"]
[WhiteElo "2615"]
[BlackElo "2446"]
[Annotator "TA"]
[PlyCount "93"]
[EventDate "2018.10.27"]
[EventType "swiss"]
[EventCountry "RUS"]
[SourceTitle "playchess.com"]
[Source "ChessBase"]
[SourceQuality "1"]

1. d4 Nf6 2. c4 e6 3. Nc3 Bb4 4. Qc2 O-O 5. e4 d6 6. e5 dxe5 7. dxe5 Ng4 8. Nf3 Nc6 9. Bf4 f6 10. Bd3 h6 11. O-O-O Qe7 12. exf6 Qxf6 13. Bg3 Bxc3 14. Qxc3 Qxc3+ 15. bxc3 e5 16. h3 Nf6 17. Nxe5 Nxe5 18. Bxe5 Be6 19. Rhe1 c6 20. Bd4 Rfe8 21. Bxf6 gxf6 22. Bg6 Bf7 23. Bxf7+ Kxf7 24. Rd7+ Kg6 25. Ree7 Rxe7 26. Rxe7 b6 27. Kd2 h5 28. Ke3 Kf5 29. g3 b5 30. Rc7 Re8+ 31. Kf3 Re6 32. Rxa7 Re5 33. Rc7 bxc4 34. Rxc6 Ra5 35. Rxc4 Rxa2 36. Rf4+ Ke6 37. Ke3 Rb2 38. Re4+ Kf5 39. Rh4 Kg6 40. c4 Rc2 41. Rf4 Kf7 42. Kd3 Rc1 43. Re4 f5 44. Re2 Kf6 45. Rc2 Rh1 46. c5 Ke7 47. c6 1-0

[Event "Chigorin Memorial 2018"]
[Site "St. Petersburg"]
[Date "2018.11.01"]
[Round "6"]
[White "Perunovic, Milos"]
[Black "Askerov, Marat"]
[Result "1-0"]
[WhiteElo "2606"]
[BlackElo "2265"]
[Annotator "TA"]
[PlyCount "59"]
[EventDate "2018.10.27"]
[EventType "swiss"]
[EventCountry "RUS"]
[SourceTitle "playchess.com"]
[Source "ChessBase"]
[SourceQuality "1"]

1. e4 c6 2. d4 d5 3. e5 Bf5 4. h4 h5 5. c4 e6 6. Nc3 Ne7 7. Nge2 Bg4 8. f3 Bf5 9. Ng3 Bg6 10. Bg5 Qb6 11. Qd2 Nd7 12. Rc1 dxc4 13. Bxc4 f6 14. Be3 Nd5 15. Bf2 Qb4 16. Bxd5 cxd5 17. O-O fxe5 18. a3 Qb6 19. Nge2 Be7 20. dxe5 Bc5 21. Nf4 Bxf2+ 22. Rxf2 Bf5 23. Ncxd5 exd5 24. Nxd5 Qh6 25. Nc7+ Ke7 26. Qb4+ Kf7 27. Rd1 Qc6 28. Qf4 g6 29. e6+ Kg8 30. Rxd7 1-0

[Event "Chigorin Memorial 2018"]
[Site "St. Petersburg"]
[Date "2018.11.01"]
[Round "6"]
[White "Aleksandrov, Aleksej"]
[Black "Anisimov, Pavel"]
[Result "0-1"]
[WhiteElo "2602"]
[BlackElo "2521"]
[Annotator "TA"]
[PlyCount "106"]
[EventDate "2018.10.27"]
[EventType "swiss"]
[EventCountry "RUS"]
[SourceTitle "playchess.com"]
[Source "ChessBase"]
[SourceQuality "1"]

1. d4 Nf6 2. c4 e6 3. Nc3 Bb4 4. e3 O-O 5. Nf3 d5 6. Bd2 b6 7. Rc1 a6 8. Bd3 Bb7 9. O-O Bd6 10. cxd5 exd5 11. Ne5 c5 12. f4 Nc6 13. Ne2 Ne7 14. Be1 Ng6 15. Ng3 Re8 16. Nh5 cxd4 17. exd4 Rc8 18. Rxc8 Bxc8 19. Nxf6+ Qxf6 20. Qh5 b5 21. Kh1 Bb8 22. Bg3 Bd6 23. a3 Bb8 24. h3 Bd6 25. b4 Bb8 26. Kh2 Ba7 27. Nf3 Bb8 28. Kh1 Re3 29. Bb1 Bxf4 30. Bxf4 Qxf4 31. Qxd5 Re8 32. Bd3 Be6 33. Qc6 Rb8 34. Qxa6 Qg3 35. Be4 Nf4 36. Nh2 Ne2 37. Qa7 Qd6 38. Re1 Ng3+ 39. Kg1 Nxe4 40. Rxe4 Rc8 41. Nf1 h6 42. Qb7 Rc1 43. Qxb5 Bc4 44. Qe8+ Kh7 45. Re1 Qxd4+ 46. Kh2 Bxf1 47. Qe4+ Qxe4 48. Rxe4 Rc2 49. Rg4 f5 50. Rg3 f4 51. Rf3 Bxg2 52. Rxf4 Bc6+ 53. Kg1 Rc3 0-1

[Event "Chigorin Memorial 2018"]
[Site "St. Petersburg"]
[Date "2018.11.01"]
[Round "6"]
[White "Timofeev, Artyom"]
[Black "Paravyan, David"]
[Result "1-0"]
[WhiteElo "2580"]
[BlackElo "2629"]
[Annotator "TA"]
[PlyCount "129"]
[EventDate "2018.10.27"]
[EventType "swiss"]
[EventCountry "RUS"]
[SourceTitle "playchess.com"]
[Source "ChessBase"]
[SourceQuality "1"]

1. e4 e5 2. Nf3 Nc6 3. Bb5 g6 4. c3 a6 5. Be2 d5 6. d4 dxe4 7. Nxe5 Nxe5 8. dxe5 Qxd1+ 9. Bxd1 Bg7 10. Bf4 Ne7 11. Bb3 Nc6 12. e6 f5 13. Bxc7 Ke7 14. Nd2 Bxe6 15. f3 e3 16. Nf1 Bh6 17. g3 Rhe8 18. f4 Kf6 19. h4 b5 20. Bb6 Bf8 21. Rh2 b4 22. Re2 bxc3 23. bxc3 Reb8 24. Bxe6 Rxb6 25. Nxe3 Kg7 26. Rd1 Rd8 27. Nc4 Rxd1+ 28. Kxd1 Rb1+ 29. Kc2 Rg1 30. Bd5 Ne7 31. Rg2 Ra1 32. Kb2 Re1 33. Bb7 Re6 34. a4 Ng8 35. Bd5 Re1 36. Bxg8 Kxg8 37. Ne5 Re3 38. Kb3 Bg7 39. Kc4 Bxe5 40. fxe5 Rxe5 41. Kd4 Re4+ 42. Kd5 Rxa4 43. c4 Ra1 44. c5 Kf7 45. Kd6 Rd1+ 46. Kc7 Rc1 47. c6 Kf6 48. Kb7 a5 49. Rb2 f4 50. gxf4 Kf5 51. c7 Kxf4 52. c8=Q Rxc8 53. Kxc8 Kg3 54. Kd7 Kxh4 55. Ke6 Kg4 56. Ke5 h5 57. Ke4 Kg3 58. Rb3+ Kg4 59. Rb1 Kg3 60. Rg1+ Kf2 61. Rxg6 h4 62. Rh6 Kg3 63. Ke3 h3 64. Rg6+ Kh2 65. Kf2 1-0

[Event "Chigorin Memorial 2018"]
[Site "St. Petersburg"]
[Date "2018.11.01"]
[Round "6"]
[White "Volkov, Sergey"]
[Black "Goganov, Aleksey"]
[Result "1/2-1/2"]
[WhiteElo "2568"]
[BlackElo "2592"]
[Annotator "TA"]
[PlyCount "34"]
[EventDate "2018.10.27"]
[EventType "swiss"]
[EventCountry "RUS"]
[SourceTitle "playchess.com"]
[Source "ChessBase"]
[SourceQuality "1"]

1. d4 Nf6 2. c4 e6 3. Nc3 Bb4 4. f3 c5 5. d5 O-O 6. e4 b5 7. Nh3 bxc4 8. Bxc4 exd5 9. Bxd5 Nxd5 10. Qxd5 Ba6 11. Bg5 Qb6 12. Kf2 Nc6 13. Rhd1 Nd4 14. Rab1 Bb7 15. Qc4 Ba6 16. Qd5 Bb7 17. Qc4 Ba6 1/2-1/2

[Event "Chigorin Memorial 2018"]
[Site "St. Petersburg"]
[Date "2018.11.01"]
[Round "6"]
[White "Ter-Sahakyan, Samvel"]
[Black "Gareyev, Timur"]
[Result "0-1"]
[WhiteElo "2547"]
[BlackElo "2584"]
[Annotator "TA RC"]
[PlyCount "206"]
[EventDate "2018.10.27"]
[EventType "swiss"]
[EventCountry "RUS"]
[SourceTitle "playchess.com"]
[Source "ChessBase"]
[SourceQuality "1"]

1. e4 e5 2. Nf3 Nc6 3. Bb5 a6 4. Ba4 Nf6 5. O-O Be7 6. Re1 b5 7. Bb3 d6 8. c3 O-O 9. h3 Re8 10. d4 Bf8 11. Bg5 h6 12. Bh4 Bb7 13. Nbd2 Nb8 14. Bc2 Nbd7 15. b3 c6 16. Bd3 Qb6 17. Bg3 g6 18. Qc2 Nh5 19. Bh2 Bg7 20. Rad1 Rac8 21. Bf1 Nf8 22. b4 exd4 23. cxd4 c5 24. bxc5 dxc5 25. d5 c4 26. e5 Bxd5 27. g4 f5 28. Bg2 Qb7 29. Re3 f4 30. Ree1 Nf6 31. exf6 Bxf6 32. Bxf4 c3 33. Rxe8 Rxe8 34. Bxh6 cxd2 35. Bxf8 Kxf8 36. Qxg6 Bc3 37. Qh6+ Kg8 38. Qg6+ Kf8 39. Qh6+ Kg8 40. Qg5+ Bg7 41. Qh5 Re2 42. Bf1 Re6 43. Rxd2 Bxf3 44. Rd8+ Bf8 45. Qf5 Qf7 46. Qg5+ Rg6 47. Qe3 Re6 48. Qg5+ Qg6 49. Qd2 Rd6 50. Rxd6 Bxd6 51. Bg2 Qb1+ 52. Bf1 Qg6 53. Bg2 Bxg2 54. Kxg2 Qe4+ 55. Kg1 Qe5 56. Qh6 a5 57. g5 Qe1+ 58. Kg2 Qe4+ 59. Kf1 Bf8 60. Qb6 Qc4+ 61. Kg2 Qd5+ 62. Kf1 Qxg5 63. Qxa5 Qd5 64. Kg1 Bc5 65. Qc3 Kf7 66. h4 Qd1+ 67. Kg2 Qg4+ 68. Kf1 Qd1+ 69. Kg2 Qd5+ 70. Kg1 b4 71. Qc2 Kf6 72. Kf1 Ke5 73. Kg1 Kf4 74. Qe2 Qg8+ 75. Kh2 Qd5 76. Kg1 Qe4 77. Qd2+ Ke5 78. Qg5+ Qf5 79. Qg2 Kd4 80. Qg3 Kc4 81. Kg2 Bd4 82. Kg1 Qe5 83. Qb3+ Kc5 84. Qc2+ Bc3 85. Kg2 Qd5+ 86. Kg3 Kd6 87. f4 Be1+ 88. Kg4 Qg8+ 89. Kf3 Bxh4 90. Qa4 Qg3+ 91. Ke4 Qg2+ 92. Kf5 Be1 93. Qa7 Qh3+ 94. Ke4 Qh1+ 95. Kd3 Qf1+ 96. Ke4 Qe2+ 97. Kf5 Qe6+ 98. Kg5 Qe7+ 99. Qxe7+ Kxe7 100. Kf5 Kd6 101. Ke4 Kc5 102. Kd3 Kb5 103. f5 Bh4 0-1